01415cam a2200265 a 45000010005000000030006000050050017000110080041000280200015000690400025000840420009001090500024001180820014001421000050001562450026002062460022002322500022002542600048002763000052003245200644003766500020010206500021010406550020010617000068010812747FISKH20240112101337.0061229s2006 mnua c 000 1 eng  a0196382343 aDLCcDLCbengdFISKH alcac00aPZ7.7.E34bWar 200500a[Fic]2221 aWells, H.G. d1866-1946qHerbert George Wells14aThe war of the worlds30aWar of the worlds aFourth impression aHong Kong :bOxford University Press,c1975 a90 pages :bcolor illustrations, maps ;c22 cm. aThe War of the Worlds is a science fiction novel by English author H. G. Wells. It was written between 1895 and 1897,[2] and serialised in Pearson's Magazine in the UK and Cosmopolitan magazine in the US in 1897. The full novel was first published in hardcover in 1898 by William Heinemann. The War of the Worlds is one of the earliest stories to detail a conflict between humankind and an extraterrestrial race.[3] The novel is the first-person narrative of an unnamed protagonist in Surrey and his younger brother in London as southern England is invaded by Martians. It is one of the most commented-on works in the science fiction canon 1aGraphic novels. 1aScience fiction. 0aGraphic novels.1 aWells, H. G.q(Herbert George),d1866-1946.tWar of the worlds.